| 000 | 00913cam a2200301 4500 | ||
|---|---|---|---|
| 008 | 090401t1987 xxu||||| |||| 00| 0 eng d | ||
| 020 | _a1851900004 | ||
| 035 | _a(Sirsi) u25286 | ||
| 041 | _aeng | ||
| 050 | _a346.4104342 | ||
| 100 | _aWalter, Philip | ||
| 245 | _aClaims to the possession of land: the law and practice | ||
| 260 |
_aLondon _bFourmat Publishing _c1987 |
||
| 300 | _axlvii,616p. ; 25cm. | ||
| 350 | _a37.5 | ||
| 520 | _aShelf 314 | ||
| 650 | _aPROPERTY-LANDLORD AND TENANT-TENANCIES-AGRICULTURAL TENANCIES | ||
| 650 | _aASSURED TENANCIES | ||
| 650 | _aBUSINESS TENANCIES | ||
| 650 | _aCOUNTY COURT PROCEDURE | ||
| 650 | _aFORMS AND PRECEDENTS | ||
| 650 | _aHIGH COURT PROCEDURE | ||
| 650 | _aRENT ACT 1977 | ||
| 650 | _aPROPERTY-RESIDENTIAL PROPERTY-RESIDENTIAL LANDLORD AND TENANT-RESIDENTIAL TENANCIES | ||
| 700 | _aHarris, James | ||
| 942 | _n0 | ||
| 948 | _c04/03/1997 | ||
| 999 |
_c88710 _d88710 |
||